<?xml version="1.0" encoding="UTF-8"?>
<record
    xmlns:xsi="http://www.w3.org/2001/XMLSchema-instance"
    xsi:schemaLocation="http://www.loc.gov/MARC21/slim http://www.loc.gov/standards/marcxml/schema/MARC21slim.xsd"
    xmlns="http://www.loc.gov/MARC21/slim">

  <leader>00264nam a22001217a 4500</leader>
  <datafield tag="040" ind1=" " ind2=" ">
    <subfield code="c">SK</subfield>
  </datafield>
  <datafield tag="082" ind1=" " ind2=" ">
    <subfield code="a">630</subfield>
  </datafield>
  <datafield tag="100" ind1=" " ind2=" ">
    <subfield code="a">FAO </subfield>
  </datafield>
  <datafield tag="245" ind1=" " ind2=" ">
    <subfield code="a">Manual on the production and use of live food for aquaculture</subfield>
  </datafield>
  <datafield tag="260" ind1=" " ind2=" ">
    <subfield code="a">ROME</subfield>
    <subfield code="b">FAO</subfield>
    <subfield code="c">1996</subfield>
  </datafield>
  <datafield tag="300" ind1=" " ind2=" ">
    <subfield code="a">295p.</subfield>
  </datafield>
  <datafield tag="942" ind1=" " ind2=" ">
    <subfield code="c">EK</subfield>
  </datafield>
  <datafield tag="999" ind1=" " ind2=" ">
    <subfield code="c">9982</subfield>
    <subfield code="d">9982</subfield>
  </datafield>
  <datafield tag="952" ind1=" " ind2=" ">
    <subfield code="0">0</subfield>
    <subfield code="1">0</subfield>
    <subfield code="4">0</subfield>
    <subfield code="6">630_000000000000000_FAO_1996_C249</subfield>
    <subfield code="7">0</subfield>
    <subfield code="9">52239</subfield>
    <subfield code="a">LBC</subfield>
    <subfield code="b">LBC</subfield>
    <subfield code="c">C249</subfield>
    <subfield code="d">2016-09-16</subfield>
    <subfield code="o">630 FAO 1996 C249</subfield>
    <subfield code="p">RUA047733</subfield>
    <subfield code="r">2016-09-16</subfield>
    <subfield code="y">EK</subfield>
  </datafield>
</record>
